A handbook of the stamps of Cuba Part II: US Administration (Record no. 2674)

000 -LEADER
fixed length control field 00701nam a22001097a 4500
008 - FIXED-LENGTH DATA ELEMENTS--GENERAL INFORMATION
fixed length control field 180326b xxu||||| |||| 00| 0 eng d
100 ## - MAIN ENTRY--AUTHOR'S NAME
Author's Name Jones, William
245 ## - TITLE STATEMENT
Title A handbook of the stamps of Cuba Part II: US Administration
260 ## - PUBLICATION, DISTRIBUTION, ETC. (IMPRINT)
Place of publication, distribution, etc. Winter Park, Fla
Name of publisher, distributor, etc. auhtors
Date of publication, distribution, etc. 1984
650 ## - TOPICAL TERM (Tag)
Topical term or geographic name Cuba (1873-) | Antilles (1855-1873) | Spanish Colonies | Spain | United States Related | United States | Puerto Principe | Catalogs and Price Lists | Postal History | Production | Errors and Varieties | Plates and Plating | Bogus Issues | Forgeries and Counterfeits | Cinderella Material | Telegraph Issues | Postal Stationery | Cards | Post Office Seals and Labels | Seals and Labels | Concordances
700 ## - SECONDARY AUTHOR, EDITOR OR ILLUSTRATOR
Personal Name Roy, R.
Holdings
Withdrawn status Lost status Source of classification or shelving scheme Damaged status Koha normalized classification for sorting Not for loan Collection code Permanent Location Current Location Shelving location Date acquired Total Checkouts Full call number Barcode Date last seen Copy number Price effective from Public note
        G4921 O15 J79     Northern Philatelic Library Northern Philatelic Library General Stacks 03/26/2018   G4921 O15 J79 1005017 03/26/2018 1 03/26/2018 5.5 x 8.5 in w/3-hole punch

Powered by Koha